ENGINEERING MECHANICS:STATICS AND DYNAMICS, IN SI UNITS (Record no. 512037)
[ view plain ]
| 000 -LEADER | |
|---|---|
| fixed length control field | 00469nam a22001457a 4500 |
| 020 ## - INTERNATIONAL STANDARD BOOK NUMBER | |
| International Standard Book Number | 9788131726990 |
| 082 ## - DEWEY DECIMAL CLASSIFICATION NUMBER | |
| Classification number | 620.1 HIB |
| 100 ## - MAIN ENTRY--PERSONAL NAME | |
| Personal name | HIBBELER, R.C, GUPTA, ASHOK |
| 9 (RLIN) | 27849 |
| 245 ## - TITLE STATEMENT | |
| Title | ENGINEERING MECHANICS:STATICS AND DYNAMICS, IN SI UNITS |
| 250 ## - EDITION STATEMENT | |
| Edition statement | 11TH |
| 260 ## - PUBLICATION, DISTRIBUTION, ETC. | |
| Place of publication, distribution, etc. | INDIA |
| Name of publisher, distributor, etc. | PEARSON EDUCATION ASIA |
| Date of publication, distribution, etc. | 2010 |
| 300 ## - PHYSICAL DESCRIPTION | |
| Extent | X, 838P |
| 650 ## - SUBJECT ADDED ENTRY--TOPICAL TERM | |
| Topical term or geographic name entry element | APPLIED.STATICS AND DYNAMICS. ENGINEERING MECHANICS-STATICS. ENGINEERING MECHANICS- DYNAMICS |
| 9 (RLIN) | 28350 |
| 942 ## - ADDED ENTRY ELEMENTS (KOHA) | |
| Koha item type | Book |
| Withdrawn status | Lost status | Source of classification or shelving scheme | Damaged status | Not for loan | Permanent Location | Current Location | Date acquired | Total Checkouts | Total Renewals | Full call number | Barcode | Date last seen | Date last checked out | Price effective from | Koha item type |
|---|---|---|---|---|---|---|---|---|---|---|---|---|---|---|---|
| School of Civil and Environmental Engineering (SCEE) | School of Civil and Environmental Engineering (SCEE) | 12/19/2019 | 2 | 1 | 620.1 HIB | NIT-8886 | 02/12/2024 | 09/12/2023 | 12/19/2019 | Book |
